00389nam a2200157Ia 4500008004100000020001800041041000800059082001300067100001400080245002600094250001300120260001600133300002800149365001600177700003800193230718s9999 xx 000 0 und d a9788126552566 aeng a530bWAL aWalker J. aPrinciples Of Physics a10th ed. c2014bWiley a1289dRef 432 G (54022) cRs.b829.00 aWalker J.; David H. & Resnick R.